000
00299nam a22001457a 4500
008
230426b ||||| |||| 00| 0 eng d
020
_a
9780816043569
041
_a
eng
080
_a
038
082
_a
038AMM
100
_a
41
101
_a
ENCI
245
_a
CLICHES
_c
AMMER.CH
942
_2
udc
_c
BK
999
_c
59621
_d
59621